| 000 | 00898nam a2200229 i 4500 | ||
|---|---|---|---|
| 001 | 162228 | ||
| 003 | ES-MaACL | ||
| 005 | 20250728095943.0 | ||
| 008 | 990713s1879 sp |||| | spa d | ||
| 080 | _a63(035) | ||
| 100 | 1 |
_aPlá y Rave, Eugenio. _9131225 |
|
| 245 | 1 | 0 |
_aManual de cultivos agrícolas / _cpor D. Eugenio Plá y Rave. |
| 260 |
_aMadrid : _b[s.n.], _c1879 ( _fTip. de G. Estrada) |
||
| 300 |
_a156 [i.e. 256] p. ; _c17 cm. |
||
| 490 | 1 | _aBiblioteca enciclopédica popular ilustrada. Sección 2ª. Agricultura, cultivo y ganadería | |
| 596 | _aMarca tip. en port.: "Estrada" | ||
| 650 | 7 |
_aTécnicas agrícolas _2embne _9155853 |
|
| 700 | 1 |
_aEstrada, Gregorio. _9126979 |
|
| 830 | 0 |
_aBiblioteca enciclopédica popular ilustrada. Sección 2ª. Agricultura, cultivo y ganadería _9182523 |
|
| 852 |
_aES-MaACL _jF-13613 _z- Enc. hol. |
||
| 999 |
_c162228 _d162228 |
||